000 00647nam a2200265Ia 4500
008 210210b2010 xxu||||| |||| 00| 0 eng d
020 _a9780070085206
041 _aeng
082 _a519.5 RAJB
100 _aRAJAGOPALAN (S P)
245 _aBusiness statistics and operations research Ed 2
250 _a
260 _aNew Delhi
_bTata McGraw Hill Education Pvt. Ltd.
_c2010
300 _axv,619
650 _astatistics
650 _aresearch
650 _aoperations
650 _aEd
650 _aBusiness
650 _aand
650 _a2
690 _aBusiness Statistics
700 _aSATTANATHAN (R)
906 _a064790
999 _c141737
_d141737